Early Chauhān dynasties : (Record no. 26872)
[ view plain ]
| 000 -LEADER | |
|---|---|
| fixed length control field | 00871cam a22002531 4500 |
| 001 - CONTROL NUMBER | |
| control field | 26872 |
| 003 - CONTROL NUMBER IDENTIFIER | |
| rucl marc code | BD-RjUL |
| 005 - DATE AND TIME OF LATEST TRANSACTION | |
| control field | 20211209051058.0 |
| 008 - FIXED-LENGTH DATA ELEMENTS--GENERAL INFORMATION | |
| fixed length control field | 140323s1959 ii ab b 001 0 eng |
| 035 ## - SYSTEM CONTROL NUMBER | |
| System control number | (BD-RjUL)26943 |
| System control number | (OCoLC)3624414 |
| 040 ## - CATALOGING SOURCE | |
| Original cataloging agency | DLC |
| Transcribing agency | MiRochOU |
| Modifying agency | DLC |
| Language of cataloging | eng |
| 041 ## - LANGUAGE CODE | |
| Language code of text/sound track or separate title | eng |
| 082 ## - DEWEY DECIMAL CLASSIFICATION NUMBER | |
| Classification number | 954 |
| Author mark and year | SHE 1959 |
| 100 1# - MAIN ENTRY--PERSONAL NAME | |
| Personal name | Sharma, Dasharatha. |
| 9 (RLIN) | 80247 |
| 245 10 - TITLE STATEMENT | |
| Title | Early Chauhān dynasties : |
| Remainder of title | a study of Chauhān political history, Chauhān political institutions, and life in the Chauhān dominions from C. 800 to 1316 A.D / |
| Statement of responsibility, etc. | With a foreword by K. M. Panikkar. |
| 260 ## - PUBLICATION, DISTRIBUTION, ETC. (IMPRINT) | |
| Place of publication, distribution, etc. | Delhi : |
| Name of publisher, distributor, etc. | S. Chand, |
| Date of publication, distribution, etc. | 1959. |
| 300 ## - PHYSICAL DESCRIPTION | |
| Pagination | xxvii, 364 p. ; |
| Illustrations | illus., fold. map. ; |
| Size | 23 cm. |
| 504 ## - BIBLIOGRAPHY, ETC. NOTE | |
| Bibliography, etc | Includes Bibliography: p. [337]-350 and index. |
| 600 30 - SUBJECT ADDED ENTRY--PERSONAL NAME | |
| Personal name | Chauhan dynasties. |
| 942 ## - ADDED ENTRY ELEMENTS (KOHA) | |
| Source of classification or shelving scheme | Dewey Decimal Classification |
| Koha item type | Books |
| Lost status | Source of classification or shelving scheme | Damaged status | Not for loan | Collection code | Permanent Location | Current Location | Shelving location | Date acquired | Source of acquisition | Cost, normal purchase price | Total Checkouts | Full call number | Date last seen | Copy number | Koha item type |
|---|---|---|---|---|---|---|---|---|---|---|---|---|---|---|---|
| Dewey Decimal Classification | Added to bundle | Non-fiction | Central Library, University of Rajshahi | Central Library, University of Rajshahi | Reading Room | 14/01/1965 | Book Center | 25.00 | 954 SHE 1959 | 23/03/2014 | C-1 | Books |